Intertextualité Francia en el origen de un término y el desarrollo de un concepto
Spremljeno u:
| Daljnji autori: | |
|---|---|
| Format: | Knjiga |
| Jezik: | Spanish |
| Izdano: |
La Habana, Cuba
Casa de las Américas
1997
|
| Teme: | |
| Oznake: |
Dodaj oznaku
Bez oznaka, Budi prvi tko označuje ovaj zapis!
|
MARC
| LEADER | 00000nam a22000007a 4500 | ||
|---|---|---|---|
| 006 | a||||fr|||| 001 0 | ||
| 007 | ta | ||
| 008 | 131010s1997 cr ||||f |||| 001 0 spa d | ||
| 020 | |a 9590400396 | ||
| 040 | |a CIICLA-UCR |c CIICLA-UCR | ||
| 082 | |a 809 |b I-61-i | ||
| 245 | 1 | 0 | |a Intertextualité |b Francia en el origen de un término y el desarrollo de un concepto |c selección y traducción de Desiderio Navarro |
| 260 | |a La Habana, Cuba |b Casa de las Américas |c 1997 | ||
| 300 | |a xiv, 215 páginas | ||
| 505 | 0 | |r Julia Kristeva |t Bajtín, la palabra, el diálogo y la novela / | |
| 505 | 0 | |r Hans GeorgeRuprech |t Intertextualidad / | |
| 505 | 0 | |r Marc Angenot |t La intertextualidad : pesquisa sobre la aparición y difusión de un campo nacional / | |
| 505 | 0 | |r Gérard Genette |t La literatura a la segunda potencia / | |
| 505 | 0 | |r Charles Grivel |t Tesis preparatorias sobre los intertextos / | |
| 505 | 0 | |r Miche Arrivé |t Para una teoría de los textos poli-isotópicos / | |
| 505 | 0 | |r Lucien Dallenbach |t Intertexto y autotexto / | |
| 505 | 0 | |r Laurent Jenny |t La estrategia de la forma / | |
| 505 | 0 | |r Laurent Jenny |t Semiótica del collage intertextual, o La Literatura a fuerza de tijeras / | |
| 505 | 0 | |r Michael Riffaterre |t Semiótica intertextual : el interpretante / | |
| 505 | 0 | |r Michael Riffaterre |t La silepsis intertextual / | |
| 505 | 0 | |r Michael Riffaterre |t El intertexto desconocido / | |
| 505 | 0 | |r Paul Zumthor |t Intertextualidad y movilidad / | |
| 505 | 0 | |r Leyla Perrone-Moisés |t La intertextualidad crítica / | |
| 505 | 0 | |r Leyla Perrone-Moisés |t La intertextualidad. Bibliografía de textos teóricos y analítico-interpretativos publicados en francé / | |
| 650 | 4 | |2 LEMB |9 11 |a LITERATURA |x HISTORIA Y CRITICA | |
| 650 | 4 | |9 12 |a INTERTEXTUALIDAD | |
| 700 | 1 | |a Navarro, Desiderio |e traducción | |
| 942 | |2 ddc |c BK |k 809 |m I-61-i | ||
| 999 | |c 5 |d 5 | ||



